| 000 | 01535nam0a22003011 4500 | ||
|---|---|---|---|
| 001 | rc\3410741 | ||
| 005 | 20250609231857.0 | ||
| 021 |
_aRU _b71-83636 |
||
| 021 |
_aRU _bРг1751-72 |
||
| 035 | _a(NLR Aleph) 007551711 | ||
| 090 |
_a5208495 _c5208495 |
||
| 100 | _a20130115d1971 |||y0rusy50 ca | ||
| 101 | 0 | _arus | |
| 102 | _aRU | ||
| 105 | _ay z ||||| | ||
| 200 | 1 |
_aРоль миграции сельского населения Узбекистана в формировании трудовых целинных районов республики _e[Доклад] _fРязанов А.В., Максакова Л.П. _gМВ и ССО УзССР. Ташк. ордена Труд. Красного Знамени гос. ун-т им. В.И. Ленина. Всесоюз. межвуз. науч. конф. по проблемам народонаселения Сред. Азии. Ташкент, май, 1971 |
|
| 210 |
_aТашкент _cБ. и. _d[1971] |
||
| 215 |
_a5 с. _d35 |
||
| 300 | _aНа 1-й с. авт.: А.В. Рязанов, доц., Л.П. Максакова | ||
| 700 | 1 |
_aРязанов _bА.В. |
|
| 701 | 1 |
_aМаксакова _bЛ.П. |
|
| 712 | 1 | 2 |
_aВсесоюзная межвузовская научная конференция по проблемам народонаселения Средней Азии _eТашкент _f1971 _9494563 _3RU\NLR\AUTH\880414724 |
| 801 | 0 |
_aRU _bNLR _gpsbo |
|
| 801 | 1 |
_aRU _bELAR _2rusmarc |
|
| 852 |
_aNLR _j71-8/1315 |
||
| 942 | _cBOOK | ||
| 980 | _aNB | ||